=LDR 00000nam 2200000 4500 =001 INLIS000000000036841 =005 20130612142613 =008 ***********************************Ind** =035 ##$$0010-061300000036841 =041 ##$$a Ind =082 ##$$a 641.865 4 =090 ##$$a 641.865 4, Hus p =100 ##$$a Husni, Albertin =245 ##$$a Pedoman memasak terampil, kue kukus tradisional praktis, Albertin Hoesni ; editor, Intarina Hardiman =260 ##$$a [20...?] $b Jakarta =300 ##$$a 64 hlm, ilus, 21 cm =650 ##$$a Kue resep =850 ##$$a NBPNMAT